| 000 | 01666nam a2200337Ia 4500 | ||
|---|---|---|---|
| 001 | ebr10084588 | ||
| 003 | CaPaEBR | ||
| 006 | m u | ||
| 007 | cr cn||||||||| | ||
| 008 | 050322s2005 ne sb 101 0 eng d | ||
| 010 | _z 2005044075 | ||
| 020 | _z1588116387 | ||
| 040 |
_aCaPaEBR _cCaPaEBR |
||
| 035 | _a(OCoLC)85036077 | ||
| 050 | 1 | 4 |
_aP241 _b.I58 2004eb |
| 082 | 0 | 4 |
_a415/.9 _222 |
| 111 | 2 |
_aInternational Morphology Meeting _n(11th : _d2004 : _cVienna, Austria) |
|
| 245 | 1 | 0 |
_aMorphology and its demarcations _h[electronic resource] : _bselected papers fron the 11th Morphology Meeting, Vienna, February 2004 / _cedited by Wolfgang U. Dressler ... [et al.]. |
| 260 |
_aAmsterdam ; _aPhiladelphia : _bJohn Benjamins, _c2005. |
||
| 300 | _axiv, 317 p. | ||
| 490 | 1 |
_aAmsterdam studies in the theory and history of linguistic science. Series IV, Current issues in linguistic theory, _x0304-0763 ; _vv. 264 |
|
| 504 | _aIncludes bibliographical references and index. | ||
| 533 |
_aElectronic reproduction. _bPalo Alto, Calif. : _cebrary, _d2011. _nAvailable via World Wide Web. _nAccess may be limited to ebrary affiliated libraries. |
||
| 650 | 0 |
_aGrammar, Comparative and general _xMorphology _vCongresses. |
|
| 650 | 0 | _aGrammar, Comparative and general. | |
| 655 | 7 |
_aElectronic books. _2local |
|
| 700 | 1 |
_aDressler, Wolfgang U., _d1939- |
|
| 710 | 2 | _aebrary, Inc. | |
| 830 | 0 |
_aAmsterdam studies in the theory and history of linguistic science. _nSeries IV, _pCurrent issues in linguistic theory ; _vv. 264. |
|
| 856 | 4 | 0 |
_uhttp://site.ebrary.com/lib/rucke/Doc?id=10084588 _zAn electronic book accessible through the World Wide Web; click to view |
| 999 |
_c49572 _d49572 |
||